| 000 | 01002cad a22002175a 4500 | ||
|---|---|---|---|
| 001 | L153726 | ||
| 008 | 110823s2011 xxk f 000 0 eng d | ||
| 035 | _a(Sirsi) u153726 | ||
| 041 | 0 | _aeng | |
| 050 | 0 | 4 | _a692.5098 $2 18 |
| 110 | 2 |
_aUK Trade and Investment _94699 |
|
| 245 | 0 | 0 |
_aBrazil's moment to shine _bopportunities for UK business in the Rio 2016 Olympic & Paralympic Games : executive summary _h[electronic resource] |
| 260 |
_a[S.I.] _bUKTI _c2011 |
||
| 520 | _aLooks at Brazil's economy and the opportunities for British construction companies, tables of the 10 largest contractors and 10 largest engineering companies in Brazil. | ||
| 590 | _aKA NTK | ||
| 651 | 4 | _aBrazil | |
| 690 | _aBUILT ENVIRONMENT-CONSTRUCTION MARKET | ||
| 690 | _aBUILT ENVIRONMENT-BUILDING COSTS | ||
| 856 | 4 | 0 |
_uhttps://www.ukti.gov.uk/export/countries/americas/southamerica/brazil/item/158120.html _zView the website free of charge and order a free copy of the full report at www.ukti.gov.uk |
| 942 | _n0 | ||
| 999 |
_c112674 _d112674 |
||